00237nam a2200109Ia 4500008004100000020001800041082001400059100001200073245001900085260001200104500001100116260604s9999 xx 000 0 und d a9789365470307 a808.3 GAN aGANATRA 0aMy Sister devi bBLUEONE aSister